| 000 | 02742 a2200397 4500 | ||
|---|---|---|---|
| 005 | 20090513120620.0 | ||
| 008 | 090513t xxu||||| |||| 00| 0 eng d | ||
| 010 | _aENG-89826 B-308241-246 | ||
| 020 |
_a8188965413 _c600.00 |
||
| 020 |
_a9788188965410 _c600.00 |
||
| 035 | _aEN-73359 | ||
| 035 | _aB-308241-246 | ||
| 035 | _aB-359160 | ||
| 037 | _bDBAD / PUB | ||
| 037 | _bPansy Books | ||
| 040 |
_adpl _bEnglish |
||
| 082 | _a305.42 | ||
| 245 |
_aReservations for women/ _cedited by Meena Dhanda |
||
| 260 |
_aNew Delhi _bWomen Unlimited _c2008 |
||
| 270 |
_aK-36, Hauz Khas Enclave, Ground Floor, _bNew Delhi _e110 016 |
||
| 300 |
_axl, 390p. _c24cm(Hb) |
||
| 490 | _aIssues in contemporary Indian feminism; edited by Rajeswari Sunder Rajan | ||
| 700 | _aDhanda, Meena | ||
| 700 | _aRajeswari Sunder Rajan | ||
| 942 |
_adpl _cEN _2ddc _h305.42 _mRES |
||
| 999 |
_c11437 _d11437 |
||